000 00638nam a22001937a 4500
999 _c19315
_d19315
003 AR-CdUCM
008 190517b ||||| |||| 00| 0 spa d
040 _aMUNICIPALIDAD PROVINCIAL DEL CUSCO
_cBIBLIOTECA MUNICIPAL DEL CUSCO
082 _24ed.
_a791 /
_bM58
100 _aMiller, Arthur
_940582
245 _aTeatro :
_bLa muerte de un viajante, todos eran mis hijos /
260 _aBuenos Aires :
_bLosada,
_c1959.
300 _a201 paginas ;
_c20 cm.
505 _aContenido: La muerte de un viajante -- Todos eran mis hijos
650 _aTeatro
_9173
650 _aHistoria
_9136
942 _2ddc
_cLIBROS
945 _apjha
_d2019-05-17